000 00338nam a2200145Ia 4500
005 20251222141826.0
008 251222s9999||||xx |||||||||||||| ||spa||
020 _a9789606930942
082 _a451/C75B1/I
100 _aColombo, Federica
245 0 _aArrivederci! 3:
250 _a1ra.ed.
264 _bEdizioni Edilingua
942 _cLIB
999 _c6967
_d6967